| 000 | 01229cam a2200409 a 4500 | ||
|---|---|---|---|
| 001 | 425888 | ||
| 003 | OSt | ||
| 005 | 20180116192432.0 | ||
| 008 | 861113s1986 ja ace 000 0deng d | ||
| 020 | _a4871404099 | ||
| 020 | _a9784871404099 | ||
| 035 | _a(OCoLC)14558525 | ||
| 035 | _a(OCoLC)ocm14558525 | ||
| 035 | _a(CStRLIN)NYCG86-B122117 | ||
| 035 | _a(NNC)425888 | ||
| 040 |
_aCU _cCU _dNNC |
||
| 041 | 0 | _aengjap | |
| 043 | _ae-uk--- | ||
| 086 | _a720.92 | ||
| 100 | 1 |
_aHadid, Zaha. _98511 |
|
| 245 | 1 | 0 |
_aZaha M. Hadid / _cintroduction by Arata Isozaki ; interview by Alvin Boyarsky ; edited by Yukio Futagawa. |
| 260 |
_aTokyo : _bA.D.A. Edita, _cc1986. |
||
| 300 |
_a114 p. : _bill. (some col.), plans, port. ; _c30 x 31 cm. |
||
| 440 | 0 |
_aGA architect. _n05 _98512 |
|
| 490 | 1 |
_aGA architect ; _v5 |
|
| 500 | _aEnglish and Japanese. | ||
| 600 | 1 | 0 |
_aHadid, Zaha. _98513 |
| 650 | 0 |
_aArchitecture, Postmodern _zGreat Britain. _98514 |
|
| 650 | 0 |
_aArchitecture, Modern _98515 |
|
| 650 | 0 |
_aArchitectural drawing _98516 |
|
| 700 | 1 |
_aIsozaki, Arata. _98517 |
|
| 700 | 1 |
_aBoyarsky, Alvin. _98518 |
|
| 700 | 1 |
_aFutagawa, Yukio, _d1932-2013. _98519 |
|
| 830 | 0 | _98520 | |
| 942 |
_2ddc _cREF |
||
| 999 |
_c354168 _d354168 |
||